Statistics for Name All Of Lady Gaga's Albums

Click here to take the quiz!

General Stats

  • This quiz has been taken 257 times
  • The average score is 5 of 6

Answer Stats

HintAnswer% Correct
2008The Fame
94%
2011Born This Way
90%
2013Artpop
87%
2020Chromatica
84%
2016Joanne
83%
2014Cheek To Cheek
55%

Score Distribution

Percentile by Number Answered

Percent of People with Each Score

Your Score History

You have not taken this quiz